All TNA / Impact Monster's Ball Match Participants - Statistics

General Stats
  • This quiz has been taken 117 times
    116 since last reset
  • The average score is 22 of 43
Answer Stats
Number of Matches Wrestler % Correct
49 Abyss / Joseph Park
97%
1 James Storm
84%
11 Jeff Hardy / Willow
81%
1 Robert Roode
81%
5 Rhino
77%
1 AJ Styles
75%
2 Brother Ray / Bully Ray
75%
4 Raven
75%
1 Robbie E
75%
1 Matt Hardy
74%
4 Sabu
68%
1 Brother Devon
62%
3 Eric Young
62%
2 Crazzy Steve
59%
2 Samoa Joe
59%
1 Christopher Daniels
52%
1 Mick Foley
52%
1 Eddie Edwards
51%
1 Davey Richards
48%
1 Kazarian
48%
1 Matt Morgan
48%
6 Tommy Dreamer
48%
2 Rosemary
46%
1 Magnus
45%
1 Hernandez
43%
1 Monty Brown
43%
1 Rob Van Dam
43%
3 Bram
42%
1 Homicide
41%
2 Daffney
36%
1 Kongo Kong
36%
1 Black Reign
35%
1 Eli Drake
33%
1 Havok
33%
1 Jessie Godderz
33%
2 Taylor Wilde
33%
1 Su Yung
29%
1 Judas Mesias
28%
1 Brother Runt
26%
2 Grado
26%
1 Desmond Wolfe
25%
1 Taya Valkyrie
22%
1 Jade
20%
No matching quizzes found
Score Distribution
Percent of People with Each Score
Percentile by Number Answered
Your Score History
You have not taken this quiz since the last reset